| 000 | 02193nam0a2200433 4500 | ||
|---|---|---|---|
| 001 | RU\NLR\bibl\179948 | ||
| 005 | 20260406081438.0 | ||
| 010 |
_a5-8451-0584-6 _bВ пер. _910000 |
||
| 021 |
_aRU _b2001-3591 _9184 |
||
| 035 | _a(NLR Aleph) 000176627 | ||
| 090 |
_a1019006 _c1019006 |
||
| 100 | _a20010326d2001 |||y0rusy50 ca | ||
| 101 | 0 | _arus | |
| 102 | _aRU | ||
| 105 | _aa ||||||||| | ||
| 200 | 1 |
_aГотов ли ваш ребенок к школе? _eСб. тестов _e[Для ст. дошк. возраста] _fГаврина С.Е., Кутявина Н.Л., Топоркова И.Г., Щербинина С.В. _gРед.-консультант к. психол. н. Успенская Т.Ю.; Худож. Лукьянов А.Н. |
|
| 210 |
_aМ. _cРОСМЭН _cРосмэн-Издат _d2001 |
||
| 215 |
_a78, [1] с. _cил., цв. ил. _d26 |
||
| 225 | 1 |
_aШкола для дошколят _i6-7 лет |
|
| 606 | 0 |
_aДошкольники _xПодготовка к школе _xТесты _91028254 _3RU\NLR\auth\66393921 |
|
| 610 | 0 | _aДети дошкольного возраста - Педагогические исследования | |
| 610 | 0 | _aТесты | |
| 675 |
_a373.29 _v3 _zrus |
||
| 686 |
_a14.23 _2rugasnti |
||
| 686 |
_a74.102 _2rubbk |
||
| 686 | _aЧ491.71 | ||
| 686 | _aЧ411.389 | ||
| 701 | 1 |
_4070 _8rus _7ca _aГаврина _bС. Е. _gСветлана Евгеньевна _3RU\NLR\auth\7718186 _91268 |
|
| 701 | 1 |
_4070 _8rus _7ca _aКутявина _bН. Л. _gНаталья Леонидовна _3RU\NLR\auth\7745627 _928563 |
|
| 701 | 1 |
_4070 _8rus _7ca _aТопоркова _bИ. Г. _gИрина Геннадьевна _3RU\NLR\auth\7745628 _928564 |
|
| 701 | 1 |
_4070 _8rus _7ca _aЩербинина _bС. В. _gСветлана Владимировна _3RU\NLR\auth\7745629 _928565 |
|
| 702 | 1 |
_4340 _7ca _8rus _aУспенская _bТ. Ю. _cканд. психол. наук _gТатьяна Юрьевна _9236827 _3RU\NLR\AUTH\770236883 |
|
| 801 | 0 |
_aRU _bRKP _c20010326 _gPSBO |
|
| 801 | 1 |
_aRU _bRKP _c20010326 |
|
| 801 | 2 |
_aRU _bNLR _c20061207 _grcr |
|
| 942 | _cBOOK | ||
| 980 | _aNB | ||